Security and Sovereignty in the Former Soviet Union : (Record no. 616903)

MARC details
000 -LEADER
fixed length control field 00502nam a2200193 a 4500
008 - FIXED-LENGTH DATA ELEMENTS--GENERAL INFORMATION
fixed length control field 260304s2008##################000#0#eng##
020 ## - INTERNATIONAL STANDARD BOOK NUMBER
ISBN 9781588265760
082 04 - DEWEY DECIMAL CLASSIFICATION NUMBER
Classification number 327.47
Item number DEY
100 1# - MAIN ENTRY--AUTHOR NAME
Personal name Deyermond, Ruth,
245 10 - TITLE STATEMENT
Title Security and Sovereignty in the Former Soviet Union :
260 ## - PUBLICATION, DISTRIBUTION, ETC. (IMPRINT)
Year of publication 2008.
300 ## - PHYSICAL DESCRIPTION
Number of Pages 256 pages
650 #0 - SUBJECT ADDED ENTRY--TOPICAL TERM
Topical Term History.
942 ## - ADDED ENTRY ELEMENTS (KOHA)
Koha item type English Books
Holdings
Withdrawn status Lost status Damaged status Not for loan Home library Current library Shelving location Date acquired Full call number Accession Number Price effective from Koha item type
        Anna Centenary Library Anna Centenary Library 3RD FLOOR, B WING 04.03.2026 327.47 DEY 335674 04.03.2026 English Books

Find us on the map